Camões (Registo nº 4655)

Detalhes MARC
000 -Etiqueta do registo
Cabeçalho 00723nam0a2200229 n 4500
005 - Identificador da versão
Campo de controlo 20240813122108.0
003 - Persistent Record Identifier
control field http://id.bnportugal.gov.pt/bib/porbase/253051
100 ## - Dados gerais de processamento
Dados gerais de processamento 20180108f198- d y0pory5003 ba
102 ## - Pais de publicação ou produção
País de publicação Portugal
101 0# - Língua de publicação
Língua do texto, banda sonora, etc. Português
215 ## - Descrição física 
Indicação específica da natureza do documento e extensão da espécie [42] p.
Outras indicações físicas todo il. color
200 1# - Titulo e menção de responsabilidade
Título próprio Camões
Primeira menção de responsabilidade texto de Oliveira Cosme
Outras menções de responsabilidade il. de Carlos Alberto
210 ## - Publicação, Distribuição, etc. 
Lugar da edição, distribuição, etc. [S. l.]
Nome do editor, distribuidor, etc. Agência Portuguesa de Revistas
Data da publicação, distribuição, etc. [198-?]
606 ## - Nome comum usado como assunto
Número de registo de entrada de autoridade 0001589
Palavra de ordem Biografias
Código do sistema CA
675 ## - Classificação Decimal Universal (CDU)
Notação 929Camões, Luís Vaz de
Edição 3ª ed.
Língua da edição por
702 #1 - Nome de autor-pessoa física (responsabilidade secundária)
Número de registo de entrada de autoridade 0002052
Palavra de ordem Santos
Outra parte do nome não tomada para palavra de ordem Carlos Alberto
Código de função Ilustrador / Técnico de desenho computorizado
700 #1 - Nome de autor-pessoa física (responsabilidade principal)
Número de registo de entrada de autoridade 0002051
Palavra de ordem Cosme
Outra parte do nome não tomada para palavra de ordem José de Oliveira
Datas 1906-1973
966 ## - Identificação da Biblioteca
Sigla EBVEN
942 ## - Elementos de entrada adicionados (Koha)
Tipo de item no Koha Livro
Exemplares
Situação do levantamento Origin of item (home branch) (coded) Biblioteca de empréstimo Código de barras Cota Circulation type (not for loan) Tipo de documento Nota do exemplar Damaged status
  Biblioteca Escolar das Vendas Biblioteca Escolar das Vendas BEV538 9BIO COS   Livro Sem mensagem